Tokoh Negara INDIA

Bibliographic Details
Main Author: Zulhelmi Taha (Author)
Format: Book
Language:Malay
Published: Seri Kembangan, Selangor : CONTENT PLUS SDN. BHD. [2016
Series:Mengenali tokoh-tokoh pemimpin Asia
Subjects:

MARC

LEADER 00000cam a2200000 7i4500
001 0000124221
005 20171207.0
008 171207s2016 my o g 000 0 may
020 |a 9789673563166 (set) 
020 |a 9789673563210 
040 |a PERPUSTAM   |b eng   |c PERPUSTAM   |e rda 
090 0 0 |a J 352.23092   |b ZUL 
100 1 |a Zulhelmi Taha ,   |e author 
245 1 0 |a Tokoh Negara INDIA   |c Zulhelmi Taha 
264 3 1 |a Seri Kembangan, Selangor :   |b CONTENT PLUS SDN. BHD.   |c [2016 
300 |a 48 pages :   |b chiefly colour photographs ;   |c 30 cm. 
336 |a text, rdacontent 
337 |a unmediated  |2 rdamedia 
338 |a volume  |2 rdacarrier 
490 1 |a Mengenali Tokoh-tokoh Pemimpin Asia 
500 |a Includes questions and exercises 
650 1 0 |a Heads of state   |z India 
650 2 0 |a Leadership   |z India 
650 2 0 |a Political leadership   |z India 
650 2 0 |a Presidents   |z India 
830 0 |a Mengenali tokoh-tokoh pemimpin Asia 
999 |a 0000460533   |b Buku   |c Koleksi Pinjaman Kanak-Kanak   |e Perbadanan Perpustakaan Awam Melaka 
999 |a 0000460534   |b Buku   |c Koleksi Pinjaman Kanak-Kanak   |e Perpustakaan Cawangan Jasin 
999 |a 0000460535   |b Buku   |c Koleksi Pinjaman Kanak-Kanak   |e Perpustakaan Cawangan Masjid Tanah 
999 |a 0000460536   |b Buku   |c Koleksi Pinjaman Kanak-Kanak   |e Perpustakaan Cawangan Merlimau 
999 |a 0000460537   |b Buku   |c Koleksi Pinjaman Kanak-Kanak   |e Perbadanan Perpustakaan Awam Melaka 
999 |a 0000460538   |b Buku   |c Koleksi Pinjaman Kanak-Kanak   |e Perbadanan Perpustakaan Awam Melaka 
999 |a 0000460539   |b Buku   |c Koleksi Pinjaman Kanak-Kanak   |e Perbadanan Perpustakaan Awam Melaka 
999 |a 0000460540   |b Buku   |c Koleksi Pinjaman Kanak-Kanak   |e Perbadanan Perpustakaan Awam Melaka 
999 |a 0000460541   |b Buku   |c Koleksi Pinjaman Kanak-Kanak   |e Perbadanan Perpustakaan Awam Melaka 
999 |a 0000460542   |b Buku   |c Koleksi Pinjaman Kanak-Kanak   |e Perbadanan Perpustakaan Awam Melaka